The New Labour Quiz - Statistics

General Stats
  • This quiz has been taken 20 times
  • The average score is 9 of 11
Answer Stats
Question Answer % Correct
Year in which New Labour government won general election 1997
100%
Item on updated Labour logo A rose
100%
Chancellor of the Exchequer from 1997-2007 and second Prime Minister of New Labour Gordon Brown
100%
First Prime Minister who won this election Tony Blair
100%
____ ______ Agreement that ended the "Troubles" in Northern Ireland Good Friday
93%
Country the UK invaded in 2003 due to threat of Weapons of Mass Destruction Iraq
93%
The above's Deputy Prime Minister John Prescott
80%
British celebrity who died days after New Labour victory in 1997 Princess Diana
80%
Chief Press Secretary and creator of "new Labour new Britain" slogan Alistair Campbell
67%
Political scandal concerning the connection between political donations and the award of life peerages Cash For Honours
60%
Name of attack that occurred on 7 July 2025 (7/7) London Bombings
27%
No matching quizzes found
Score Distribution
Percent of People with Each Score
Percentile by Number Answered
Your Score History
You have not taken this quiz